| 000 | 00420nam a2200181Ia 4500 | ||
|---|---|---|---|
| 005 | 20250423094507.0 | ||
| 008 | 250422s9999 xx 000 0 und d | ||
| 020 | _a9781859466360 | ||
| 050 | _aNA 2800 .P38/ | ||
| 100 | _aPatel, Raj | ||
| 245 | 0 | _aArchitectural acoustics | |
| 260 | _aLondon | ||
| 260 | _bRIBA Publishing | ||
| 260 | _c2020 | ||
| 300 | _a96 p | ||
| 650 | _aArchitectural acoustics | ||
| 942 | _cBK | ||
| 999 |
_c27402 _d27402 |
||